Reinventando la comunidad y la política : (Record no. 214973)

MARC details
000 -CABECERA
campo de control de longitud fija 01131nam a2200301 a 4500
003 - IDENTIFICADOR DEL NÚMERO DE CONTROL
campo de control MX-MxUPN
005 - FECHA Y HORA DE LA ÚLTIMA TRANSACCIÓN
campo de control 20260428154357.0
007 - CAMPO FIJO DE DESCRIPCIÓN FÍSICA--INFORMACIÓN GENERAL
campo de control de longitud fija cr |||aaaaaaa|
008 - ELEMENTOS DE LONGITUD FIJA--INFORMACIÓN GENERAL
campo de control de longitud fija 260416s2021 ck| ||||o ||| 000 0 spa d
020 ## - NÚMERO INTERNACIONAL NORMALIZADO PARA LIBROS
Número Internacional Estándar del Libro 9786287518131
040 ## - FUENTE DE LA CATALOGACIÓN
Centro catalogador/agencia de origen MX-MxUPN
Lengua de catalogación spa
Normas de descripción aacr2
041 0# - CÓDIGO DE IDIOMA
Código de lengua del texto/banda sonora o título independiente spa
050 14 - SIGNATURA TOPOGRÁFICA DE LA BIBLIOTECA DEL CONGRESO
Número de clasificación HM881
100 1# - ASIENTO PRINCIPAL--NOMBRE PERSONAL
Nombre de persona Aguilera Morales, Alcira
9 (RLIN) 58841
100 1# - ASIENTO PRINCIPAL--NOMBRE PERSONAL
Nombre de persona González Terreros, María Isabel
9 (RLIN) 39653
100 1# - ASIENTO PRINCIPAL--NOMBRE PERSONAL
Nombre de persona Torres Carrillo, Alfonso
9 (RLIN) 57523
245 10 - MENCIÓN DE TÍTULO
Título Reinventando la comunidad y la política :
Resto del título formación de subjetividades, sentidos de comunidad y alternativas políticas en procesos organizativos locales
Medio [recurso electrónico en línea]
250 ## - MENCIÓN DE EDICIÓN
Mención de edición Segunda edición
260 ## - PUBLICACIÓN, DISTRIBUCIÓN, ETC.
Lugar de publicación, distribución, etc. Bogotá :
Nombre del editor, distribuidor, etc. Universidad Pedagógica Nacional,
Fecha de publicación, distribución, etc. 2021
300 ## - DESCRIPCIÓN FÍSICA
Extensión 1 recurso en línea (176 páginas) :
Otras características físicas PDF
490 0# - MENCIÓN DE SERIE
Mención de serie Colección Rescates
506 0# - NOTA DE RESTRICCIONES AL ACCESO
Limitaciones de acceso Acceso abierto
650 #4 - ASIENTO SECUNDARIO DE MATERIA - TERMINO TEMATICO
Término de materia o nombre geográfico como elemento de entrada Movimientos sociales
Subdivisión general Aspectos políticos
Subdivisión geográfica Colombia
9 (RLIN) 59306
650 #4 - ASIENTO SECUNDARIO DE MATERIA - TERMINO TEMATICO
Término de materia o nombre geográfico como elemento de entrada Organización de la comunidad
9 (RLIN) 20989
856 40 - LOCALIZACIÓN Y ACCESO ELECTRÓNICOS
Identificador Uniforme del Recurso <a href="http://hdl.handle.net/20.500.12209/17886">http://hdl.handle.net/20.500.12209/17886</a>
902 ## - ELEMENTOS DE DATOS B LOCAL, LDB (RLIN)
Creó JohanaAllegre/160426
942 ## - ELEMENTOS DE PUNTO DE ACCESO ADICIONAL (KOHA)
Fuente del sistema de clasificación o colocación Library of Congress Classification
Tipo de ítem Koha Libro Electrónico
Holdings
Estado de retiro Estado de pérdida Fuente del sistema de clasificación o colocación Estado dañado No para préstamo Código de colección Localización permanente Ubicación/localización actual Ubicación en estantería Fecha de adquisición Total de préstamos Clasificación Fecha visto por última vez Identificador Uniforme del Recurso Precio válido a partir de Tipo de ítem Koha
    Library of Congress Classification     Acceso abierto Bib. Gregorio Torres Quintero Bib. Gregorio Torres Quintero En línea 16/04/2026   HM881 16/04/2026 http://hdl.handle.net/20.500.12209/17886 16/04/2026 Libro Electrónico